| 000 | 00403nam a2200181Ia 4500 | ||
|---|---|---|---|
| 008 | 220531s9999 xx 000 0 und d | ||
| 041 | _aeng | ||
| 082 | _bWOO | ||
| 100 |
_aWoolf ,. Virginia _948274 |
||
| 245 | _aTo The Light House | ||
| 250 | _a1ST | ||
| 260 |
_bUBSBD _c2004 |
||
| 300 | _a333 | ||
| 542 | _d31-03-2006 | ||
| 650 |
_aEnglish _948275 |
||
| 906 | _d2005-2006 | ||
| 999 |
_c28264 _d28264 |
||